[Event "Ruhrgebiet Regionalliga 1112"]
[Site "Nordrheinwestfalen"]
[Date "2012.05.06"]
[Round "9.8"]
[White "Renn, Volker"]
[Black "Wallhof, Dieter"]
[Result "1-0"]
[WhiteElo "1961"]
[BlackElo "1830"]
[PlyCount "65"]
[EventDate "2011.09.25"]
[EventType "team-tourn"]
[EventRounds "9"]
[EventCountry "GER"]
[SourceTitle "EXT 2020"]
[Source "ChessBase"]
[SourceDate "2019.10.17"]
[SourceVersion "1"]
[SourceVersionDate "2019.10.17"]
[SourceQuality "1"]
[WhiteTeam "Horst Emscher"]
[BlackTeam "Welper SV"]
[WhiteTeamCountry "GER"]
[BlackTeamCountry "GER"]

1. e4 e6 2. d4 d5 3. Nc3 Nf6 4. Bg5 Bb4 5. e5 h6 6. Bd2 Bxc3 7. bxc3 Ne4 8. Bd3 Nxd2 9. Qxd2 c5 10. f4 Nc6 11. Nf3 Qa5 12. 0-0 cxd4 13. Qf2 dxc3 14. Qg3 Qc5+ 15. Kh1 g6 16. Rab1 a6 17. Qh4 Qe7 18. Qh3 b5 19. Rb3 Qc5 20. Ng5 Nd4 21. f5 gxf5 22. Nxf7 Kxf7 23. g4 Ke8 24. gxf5 Nxb3 25. fxe6 Kd8 26. Rf7 Re8 27. Qh4+ Re7 28. axb3 Raa7 29. b4 Qb6 30. Rf8+ Kc7 31. Qxe7+ Kb8 32. Qd6+ Qc7 33. e7 1-0

[Event "Ruhrgebiet Verbandsliga1 1112"]
[Site "Nordrheinwestfalen"]
[Date "2012.03.04"]
[Round "7.6"]
[White "Renn, Volker"]
[Black "Mueller Clostermann, Bruno"]
[Result "0-1"]
[WhiteElo "1910"]
[BlackElo "1966"]
[PlyCount "34"]
[EventDate "2012.09.18"]
[EventType "team-tourn"]
[EventRounds "9"]
[EventCountry "GER"]
[SourceTitle "EXT 2020"]
[Source "ChessBase"]
[SourceDate "2019.10.17"]
[SourceVersion "1"]
[SourceVersionDate "2019.10.17"]
[SourceQuality "1"]
[WhiteTeam "Horst Emscher II"]
[BlackTeam "Katernberg SF III"]
[WhiteTeamCountry "GER"]
[BlackTeamCountry "GER"]

1. e4 Nf6 2. e5 Nd5 3. Nc3 Nxc3 4. dxc3 d6 5. Bc4 Nc6 6. Nf3 dxe5 7. Qe2 f6 8. Be3 e6 9. Rd1 Bd6 10. 0-0 Qe7 11. b4 Bd7 12. a3 a5 13. Bc1 0-0 14. Nh4 f5 15. b5 Qxh4 16. bxc6 bxc6 17. Rd3 Qxc4 0-1